The Hobbit: Food and Drink by Picture - Statistics

General Stats
  • This quiz has been taken 27 times
  • The average score is 25 of 37
Answer Stats
Picture Answer % Correct
Bacon
100%
Bread
100%
Cheese
100%
Eggs
100%
Honey
100%
Nuts
100%
Beer
96%
Butter
96%
Coffee
96%
Fish
96%
Milk
96%
Raspberry Jam
96%
Salad
96%
Water
96%
Apples
92%
Apple-tart
92%
Tea
92%
Wine
92%
Biscuits
88%
Ham
88%
Blackberries
83%
Gravy
75%
Wild Strawberries
63%
Ale
58%
Pork-pie
42%
Seed-cake
42%
Cream
38%
Sage
33%
Rabbit
21%
Thyme
21%
Mead
17%
Mince-pie
17%
Mutton
17%
Porter
13%
Sorrel
13%
Cram
8%
Hawthornberries
4%
No matching quizzes found
Score Distribution
Percent of People with Each Score
Percentile by Number Answered
Your Score History
You have not taken this quiz